Shirdi within & beyond : (Record no. 75399)

MARC details
000 -LEADER
fixed length control field 00610nam a22001817a 4500
005 - DATE AND TIME OF LATEST TRANSACTION
control field 20130514111256.0
010 ## - LCCN (DPL NO)
LC control number ENG-107034
020 ## - INTERNATIONAL STANDARD BOOK NUMBER
International Standard Book Number 9788120778061
Terms of availability 750.00
035 ## - SYSTEM CONTROL NUMBER
System control number EN-90567
037 ## - SOURCE OF ACQUISITION
Source of stock number/acquisition DBAD/PUB
082 ## - DEWEY DECIMAL CLASSIFICATION NUMBER
Classification number 230.35
100 ## - MAIN ENTRY--PERSONAL NAME
Personal name Kakarya, Rabinder Nath
245 ## - TITLE STATEMENT
Title Shirdi within & beyond :
Statement of responsibility, etc by Rabinder Nath Kakarya
Remainder of title a collection of unseen & rare photographs /
260 ## - PUBLICATION, DISTRIBUTION, ETC. (IMPRINT)
Place of publication, distribution, etc New Delhi
Name of publisher, distributor, etc Sterling Paperbacks
Date of publication, distribution, etc 2013(repr.)
270 ## - ADDRESS
Address A-59, Okhla Industries Area, Phase-II
City New Delhi
Postal code 110020
300 ## - PHYSICAL DESCRIPTION
Extent 158p.:
Other physical details col. photos
Dimensions 22cm(Hb)
942 ## - ADDED ENTRY ELEMENTS (KOHA)
Source of classification or shelving scheme Dewey Decimal Classification
Item type English Books
Classification part 230.35
Call number suffix KAK
Holdings
Withdrawn status Lost status Not for loan Collection code Home library Current library Date acquired Source of acquisition Cost, normal purchase price Full call number Barcode Copy number Cost, replacement price Koha item type
    Not For Loan Non-fiction D.B.Act.Division D.B.Act.Division 10/05/2013 DBAD 750.00 230.35 KAK EN-90567 1 750.00 English Books

© Delhi Public Library
Hit Counter
free hit counter